ბათუმის შოთა რუსთაველის სახელმწიფო უნივერსიტეტის ბიბლიოთეკა

მასწავლებელთა გამოცდილებიდან : ქართული ენა და ლიტერატურა : (ბიბ.ჩანაწერი № 53285)

000 -ლიდერი
ფიქსირებული სიგრძის საკონტროლო ველი 01151nam a2200241Ia 4500
001 - საკონტროლო ნომერი
საკონტროლო ველი 20326
003 - საკონტროლო ნომრის იდენტიფიკატორი
საკონტროლო ველი GE_BSU
005 - ბოლო ოპერაციის თარიღი და დრო
საკონტროლო ველი 20200910210227.0
008 - ფიქსირებული სიგრძის მონაცემთა ელემენტები - ზოგადი ინფორმაცია
ფიქსირებული სიგრძის საკონტროლო ველი 181216s1959||||ge |||||||||||||| ||geo||
040 ## - კატალოგიზაციის წყარო
Transcribing agency GE_BSU
041 ## - ენის კოდი
Language code of text/sound track or separate title geo
080 ## - უნივერსალური ათობითი კლასიფიკაციის ინდექსი
Universal Decimal Classification number 811.353.1(072) + 821.353.1(072) მ-36
245 ## - ცნობა სათაურის შესახებ
Title მასწავლებელთა გამოცდილებიდან : ქართული ენა და ლიტერატურა :
Remainder of title კრ. 7 /
Statement of responsibility, etc რედ. მ. ჩინჩალაძე.
264 ## - წარმოების, გამოცემის, დისტრიბუციის და სხვა ცნობები
გამოცემის, წარმოების, დისტრიბუციის... ადგილი თბილისი :
გამოცემის, წარმოების, დისტრიბუციის... სახელწოდება ცოდნა,
გამოცემის, წარმოების, დისტრიბუციის... თარიღი 1959.
300 ## - ფიზიკური აღწერა
Extent 133 გვ. ;
Dimensions 22 სმ.
490 ## - სერიის ცნობა
Series statement (პედაგოგიური კითხვის სერია)
653 ## - INDEX TERM--UNCONTROLLED
Uncontrolled term ქართული ენა და ლიტერატურა
653 ## - INDEX TERM--UNCONTROLLED
Uncontrolled term ქართული ენის სწავლების მეთოდიკა
653 ## - INDEX TERM--UNCONTROLLED
Uncontrolled term ქართული ლიტერატურის სწავლების მეთოდიკა
700 ## - ADDED ENTRY--PERSONAL NAME
Personal name ჩინჩალაძე, მ.
Relator term რედაქტორი
9 (RLIN) 7311
942 ## - ADDED ENTRY ELEMENTS (KOHA)
Koha item type წიგნი
Source of classification or shelving scheme
ეგზემპლარები
ჩამოწერის სტატუსი დაკარგული ეგზემპლარის სტატუსი კლასიფიკაციის წყარო ან თაროზე გაწყობის სქემა დაზიანების სტატუსი არ გაიცემა მუდმივი მდებარეობა (დაცვის ადგილი) ამჟამინდელი ადგილსამყოფელი თაროზე განთავსების ადგილი შეძენის თარიღი ღირებულება, შესყიდვის ნორმალური ფასი სრული შენახვის შიფრი შტრიხკოდი ბოლო ოპერაციის თარიღი ეგზემპლარის მიმდევრობითი ნომერი (კეტერი?) ფასის ძალაში შესვლის თარიღი ეგზემპლარის სახეობა საჯარო შენიშვნა
          ბათუმის შოთა რუსთაველის სახელმწიფო უნივერსიტეტის მთავარი ბიბლიოთეკა ბათუმის შოთა რუსთაველის სახელმწიფო უნივერსიტეტის მთავარი ბიბლიოთეკა წიგნსაცავი 2018-12-17 0.42 811.353.1(072) + 821.353.1(072) მ-36 53123 2018-12-17 53123 2018-12-17 წიგნი 0.42 ლ.
          ბათუმის შოთა რუსთაველის სახელმწიფო უნივერსიტეტის მთავარი ბიბლიოთეკა ბათუმის შოთა რუსთაველის სახელმწიფო უნივერსიტეტის მთავარი ბიბლიოთეკა წიგნსაცავი 2018-12-17 0.42 811.353.1(072) + 821.353.1(072) მ-36 53511 2018-12-17 53511 2018-12-17 წიგნი 0.42 ლ.